书目信息 |
| 题名: |
工程力学
|
|
| 作者: | 朱晓东 , 兰向军 , 冯志华 编 | |
| 分册: | ||
| 出版信息: | 苏州 苏州大学出版社 2004.09 |
|
| 页数: | 271页 | |
| 开本: | 26cm | |
| 丛书名: | ||
| 单 册: | ||
| 中图分类: | TB12 | |
| 科图分类: | ||
| 主题词: | 工程力学--gong cheng li xue--高等学校--教材 | |
| 电子资源: | ||
| ISBN: | 7-81090-364-0 | |
| 000 | 00900nam0 2200253 450 | |
| 001 | 010265440723 | |
| 005 | 20050719164317.34 | |
| 010 | @a7-81090-364-0@dCNY30.00 | |
| 100 | @a20050607d2004 km y0chiy0120 ea | |
| 101 | 0 | @achi |
| 102 | @aCN@b320000 | |
| 105 | @aa a 000yy | |
| 200 | 1 | @a工程力学@Agong cheng li xue@f冯志华, 朱晓东, 兰向军编@Ffeng zhi hua,zhu xiao dong,lan xiang jun bian |
| 210 | @a苏州@c苏州大学出版社@d2004.09 | |
| 215 | @a271页@c图@d26cm | |
| 320 | @a有书目。 | |
| 330 | @a本书研究刚体的平衡规律,物体机械运动的一般规律、动能定理及动静法在工程中的应用,及变形固体在保证正常工作条件下的强度、刚度与稳定性等。 | |
| 606 | 0 | @a工程力学@Agong cheng li xue@x高等学校@x教材 |
| 690 | @aTB12@v4 | |
| 701 | 0 | @a朱晓东@Azhu xiao dong@4编 |
| 701 | 0 | @a兰向军@Alan xiang jun@4编 |
| 701 | 0 | @a冯志华@Afeng zhi hua@4编 |
| 801 | 0 | @aCN@bQSSK@c20050719 |
| 905 | @a10447@dTB12@eZ880 | |
| 工程力学/冯志华, 朱晓东, 兰向军编.-苏州:苏州大学出版社,2004.09 |
| 271页:图;26cm |
| ISBN 7-81090-364-0:CNY30.00 |
| 本书研究刚体的平衡规律,物体机械运动的一般规律、动能定理及动静法在工程中的应用,及变形固体在保证正常工作条件下的强度、刚度与稳定性等。 |
| ● |
| 相关链接 |
|
|
|
正题名:工程力学
索取号:TB12/Z880
 
预约/预借
| 序号 | 登录号 | 条形码 | 馆藏地/架位号 | 状态 | 备注 |
| 1 | 525111 | 205251118 | 自科库501/501自科库 3排3列1层/ [索取号:TB12/Z880] | 在馆 | |
| 2 | 525112 | 205251127 | 自科库501/501自科库 3排3列1层/ [索取号:TB12/Z880] | 在馆 | |
| 3 | 525113 | 205251136 | 自科库501/501自科库 3排3列1层/ [索取号:TB12/Z880] | 在馆 |